000 00492nam a2200193 a 4500
001 1758970879836
003 ACL
005 20250927163340.0
008 250927s1998##################000#0#eng##
020 _a9780520220379
082 0 4 _a791.430233
_bRIC
100 1 _aRichie, Donald,
_eauthor.
245 1 0 _aThe Films of Akira Kurosawa :
260 _bUniv of California Press,
_c1998.
300 _a276 pages
650 0 _aPerforming Arts.
942 _cENGLISH
040 _aACL
_beng
_cACL
999 _c589968
_d589968